000
nam a22 7a 4500
999
_c
233160
_d
233160
003
Nust
005
20170303120809.0
008
170303b xxu||||| |||| 00| 0 eng d
040
_c
DLC
082
_a
928 MUM
245
_a
علی پور کا ایلی
_c
ممتا ز مفتی
260
_a
Lahore :
_c
2009
300
_a
984p. :
_c
27cm
942
_2
ddc
_c
BK